[Event "DEM U18 2010"]
[Site "Oberhof GER"]
[Date "2010.05.23"]
[Round "1"]
[White "Jorczik, Julian"]
[Black "Krassowizkij, Jaroslaw"]
[Result "1-0"]
[Termination "normal"]
[Board "1"]
[WhiteTitle "FM"]
[WhiteElo "2357"]
[BlackElo "2244"]
[PlyCount "55"]
[WhiteFideId "24611719"]
[BlackFideId "1271703"]
[EventCountry "GER"]
[EventRounds "9"]
[EventType "swiss"]
[EventDate "2010.05.22"]

1. d4 Nf6 2. c4 g6 3. Nc3 d5 4. Nf3 Bg7 5. e3 O-O 6. Qb3 dxc4 7. Bxc4 a6 8. O-O
b5 9. Be2 c5 10. dxc5 Be6 11. Qc2 b4 12. Na4 Qa5 13. Nd4 Bd5 14. Nb6 Be4 15.
Qd1 Qxc5 16. Nxa8 Bxa8 17. a3 e5 18. axb4 Qxb4 19. Nf3 e4 20. Nd4 h5 21. Qb3
Qd6 22. Rd1 Bd5 23. Qa3 Qe5 24. h3 g5 25. Bd2 g4 26. h4 g3 27. Rf1 Nc6 28. Bc3
1-0

[Event "DEM U18 2010"]
[Site "Oberhof GER"]
[Date "2010.05.23"]
[Round "1"]
[White "Geske, Julian"]
[Black "Jussupow, Alexander"]
[Result "1-0"]
[Termination "normal"]
[Board "3"]
[WhiteElo "2311"]
[BlackElo "2112"]
[PlyCount "63"]
[WhiteFideId "24605263"]
[BlackFideId "24613509"]
[EventCountry "GER"]
[EventRounds "9"]
[EventType "swiss"]
[EventDate "2010.05.22"]

1. e4 g6 2. d4 Bg7 3. Nc3 d6 4. f4 a6 5. Nf3 b5 6. Bd3 Bb7 7. Qe2 Nd7 8. e5 Nh6
9. Ne4 O-O 10. O-O c5 11. c3 Qb6 12. Kh1 Rad8 13. Be3 c4 14. Bc2 d5 15. Nf2 f5
16. g4 fxg4 17. Ng5 Bc8 18. Nxg4 Nb8 19. Nxh6+ Bxh6 20. f5 Bxf5 21. Bxf5 gxf5
22. e6 Rf6 23. Rg1 Rg6 24. Nf7 Bxe3 25. Qxe3 Rf8 26. Qe5 Rxf7 27. exf7+ Kxf7
28. Rae1 e6 29. Qh8 Rxg1+ 30. Rxg1 Ke7 31. Rg7+ Kd6 32. Qf8+ 1-0

[Event "DEM U18 2010"]
[Site "Oberhof GER"]
[Date "2010.05.23"]
[Round "1"]
[White "Schmitt, Philipp"]
[Black "Graf, Felix"]
[Result "1/2-1/2"]
[Termination "normal"]
[Board "4"]
[WhiteElo "2097"]
[BlackElo "2300"]
[PlyCount "85"]
[WhiteFideId "24641766"]
[BlackFideId "24608904"]
[EventCountry "GER"]
[EventRounds "9"]
[EventType "swiss"]
[EventDate "2010.05.22"]

1. e4 e6 2. d4 d5 3. Nc3 Bb4 4. exd5 exd5 5. Bd3 Nc6 6. a3 Bxc3+ 7. bxc3 Nce7
8. Qf3 Nf6 9. h3 O-O 10. Ne2 Ne4 11. Bxe4 dxe4 12. Qxe4 Bf5 13. Qxb7 Nd5 14.
O-O Re8 15. Ng3 Bxc2 16. c4 Nb6 17. c5 Nd5 18. Bd2 Rb8 19. Qxa7 Qf6 20. Rfc1
Bb3 21. c6 Rb6 22. Ba5 Rxc6 23. Rxc6 Qxc6 24. Qc5 Qxc5 25. dxc5 f6 26. Rb1 Bc2
27. Rc1 Bg6 28. Bd2 Ra8 29. Bb4 Ra4 30. Rc4 Kf7 31. Rd4 Ke6 32. f4 Ne7 33. Rd8
Nc6 34. Rc8 Ra7 35. Kf2 Ne7 36. Rd8 Nc6 37. Rc8 Ne7 38. Rd8 Nc6 39. Rg8 Kf7 40.
Rc8 Ne7 41. Rd8 Nc6 42. Rd7+ Ke6 43. Rd2 1/2-1/2

[Event "DEM U18 2010"]
[Site "Oberhof GER"]
[Date "2010.05.23"]
[Round "1"]
[White "Hirneise, Jens"]
[Black "Kartsev, Alexandr"]
[Result "0-1"]
[Termination "normal"]
[Board "5"]
[WhiteTitle "FM"]
[WhiteElo "2294"]
[BlackElo "2082"]
[PlyCount "50"]
[WhiteFideId "24614734"]
[BlackFideId "24647110"]
[EventCountry "GER"]
[EventRounds "9"]
[EventType "swiss"]
[EventDate "2010.05.22"]

1. e4 d5 2. exd5 Nf6 3. Nf3 Nxd5 4. d4 Bg4 5. h3 Bh5 6. c4 Nb6 7. Nc3 e6 8. g4
Bg6 9. Ne5 Nc6 10. Nxg6 hxg6 11. Be3 Be7 12. c5 Nd5 13. Bg2 Nxe3 14. fxe3 Bh4+
15. Kf1 O-O 16. Bxc6 bxc6 17. Kg2 Qg5 18. Qf3 e5 19. d5 cxd5 20. Nxd5 e4 21.
Qxe4 Rae8 22. Qc4 c6 23. Nf4 Rxe3 24. Rhf1 Qe5 25. Kh1 g5 0-1

[Event "DEM U18 2010"]
[Site "Oberhof GER"]
[Date "2010.05.23"]
[Round "1"]
[White "Borgmeyer, Max"]
[Black "Kachibadze, Georg"]
[Result "1/2-1/2"]
[Termination "normal"]
[Board "6"]
[WhiteElo "2053"]
[BlackElo "2240"]
[PlyCount "79"]
[WhiteFideId "24615870"]
[BlackFideId "24640794"]
[EventCountry "GER"]
[EventRounds "9"]
[EventType "swiss"]
[EventDate "2010.05.22"]

1. e4 c5 2. Nf3 Nc6 3. d4 cxd4 4. Nxd4 Nf6 5. Nc3 d6 6. Bg5 e6 7. Qd2 Qb6 8.
O-O-O Nxd4 9. Qxd4 Qxd4 10. Rxd4 a6 11. Be2 Bd7 12. Bxf6 gxf6 13. Kb1 Rg8 14.
g3 Bc6 15. Rhd1 Be7 16. a4 Rd8 17. b4 Bd7 18. h4 Rc8 19. Rc4 Rxc4 20. Bxc4 f5
21. exf5 Rg4 22. fxe6 fxe6 23. f4 d5 24. Bd3 Rxg3 25. b5 Bxh4 26. Ne2 Rg4 27.
bxa6 bxa6 28. Bxa6 Bxa4 29. Bc8 Rg2 30. Nd4 Ke7 31. Bxe6 Bxc2+ 32. Nxc2 Kxe6
33. Ne3 Re2 34. Nxd5 Kf5 35. Rh1 Re1+ 36. Rxe1 Bxe1 37. Kc1 Bg3 38. Kd1 Bxf4
39. Nxf4 Kxf4 40. Ke2 1/2-1/2

[Event "DEM U18 2010"]
[Site "Oberhof GER"]
[Date "2010.05.23"]
[Round "1"]
[White "Zhou, Syang"]
[Black "Müller, Philipp"]
[Result "1/2-1/2"]
[Termination "normal"]
[Board "7"]
[WhiteElo "2206"]
[BlackElo "1911"]
[PlyCount "118"]
[WhiteFideId "24636126"]
[BlackFideId "24683701"]
[EventCountry "GER"]
[EventRounds "9"]
[EventType "swiss"]
[EventDate "2010.05.22"]

1. e4 c5 2. Nf3 a6 3. c4 e6 4. Nc3 Nc6 5. d4 cxd4 6. Nxd4 Qc7 7. Be3 Nf6 8. Rc1
Bb4 9. Nxc6 bxc6 10. Bd3 c5 11. O-O Bxc3 12. Rxc3 O-O 13. Bg5 Qe5 14. Bxf6 Qxf6
15. e5 Qxe5 16. Re1 Qg5 17. Be4 Rb8 18. Qd6 Bb7 19. Rg3 Qd8 20. Bxb7 Rxb7 21.
Qxc5 Qf6 22. b3 g6 23. Rd3 Rd8 24. Red1 Rbb8 25. h3 Rbc8 26. Qa5 Qe7 27. Qxa6
Ra8 28. Qd6 Kf8 29. R1d2 Ke8 30. Qxe7+ Kxe7 31. b4 d5 32. cxd5 Rxd5 33. Rxd5
exd5 34. Rb2 Kd6 35. b5 Kc7 36. Kf1 Kb6 37. Ke2 Ra3 38. Kd2 f6 39. Kc2 h5 40.
Kb1 Ra5 41. Rb4 g5 42. Kb2 Ra8 43. a4 Re8 44. Ka3 Re2 45. a5+ Kxa5 46. b6 Re8
47. b7 Rb8 48. Kb3 Ka6 49. Ka4 d4 50. Kb3 Rxb7 51. Rxb7 Kxb7 52. Kc4 Kc6 53.
Kxd4 Kd6 54. Ke4 Ke6 55. g3 f5+ 56. Kd4 Kd6 57. f3 Ke6 58. f4 g4 59. hxg4 fxg4
1/2-1/2

[Event "DEM U18 2010"]
[Site "Oberhof GER"]
[Date "2010.05.23"]
[Round "1"]
[White "Yakovenko, Oleg"]
[Black "Nuber, Blasius"]
[Result "1-0"]
[Termination "normal"]
[Board "8"]
[WhiteElo "2015"]
[BlackElo "2199"]
[PlyCount "51"]
[WhiteFideId "4696000"]
[BlackFideId "24620289"]
[EventCountry "GER"]
[EventRounds "9"]
[EventType "swiss"]
[EventDate "2010.05.22"]

1. d4 d5 2. Nf3 Nf6 3. c4 c6 4. Nc3 a6 5. e3 b5 6. b3 Bg4 7. h3 Bf5 8. Be2 e6
9. O-O Nbd7 10. Ne5 Nxe5 11. dxe5 Nd7 12. f4 Bc5 13. Kh1 O-O 14. Bf3 Qa5 15.
Qe1 Rac8 16. Bd2 b4 17. e4 Bg6 18. Na4 dxc4 19. Nxc5 Nxc5 20. Bxb4 Qb6 21. Qc3
Rfe8 22. Qxc4 Nd3 23. Qxd3 Qxb4 24. f5 Rcd8 25. Qb1 exf5 26. exf5 1-0

[Event "DEM U18 2010"]
[Site "Oberhof GER"]
[Date "2010.05.23"]
[Round "1"]
[White "Tkachuk, Konstantyn"]
[Black "Müller, Denis"]
[Result "1-0"]
[Termination "normal"]
[Board "9"]
[WhiteElo "2176"]
[BlackElo "1917"]
[PlyCount "69"]
[WhiteFideId "24647330"]
[BlackFideId "4696140"]
[EventCountry "GER"]
[EventRounds "9"]
[EventType "swiss"]
[EventDate "2010.05.22"]

1. e4 c5 2. Nf3 d6 3. d4 cxd4 4. Nxd4 Nf6 5. Nc3 a6 6. Bc4 e6 7. Bb3 b5 8. f3
Nbd7 9. Be3 Nc5 10. Qd2 Bb7 11. O-O Be7 12. a4 b4 13. Na2 a5 14. Bc4 O-O 15.
Bb5 Qc7 16. Nc1 d5 17. exd5 Nxd5 18. Bf2 Bd6 19. h3 Rfd8 20. Nce2 Rac8 21. Rad1
Nd7 22. Bh4 N7f6 23. Bd3 Nh5 24. Bxd8 Qxd8 25. Be4 f5 26. Nxf5 Bc5+ 27. Kh1 Qf6
28. c4 Qe5 29. Bxd5 exd5 30. Qg5 Bd6 31. g3 Qxe2 32. Nxd6 Rf8 33. Nxb7 Rf5 34.
Qd8+ Kf7 35. Nd6+ 1-0

[Event "DEM U18 2010"]
[Site "Oberhof GER"]
[Date "2010.05.23"]
[Round "1"]
[White "Schiffner, Kevin"]
[Black "Grünter, Martin"]
[Result "0-1"]
[Termination "normal"]
[Board "10"]
[WhiteElo "1959"]
[BlackElo "2185"]
[PlyCount "124"]
[WhiteFideId "24674940"]
[BlackFideId "24640352"]
[EventCountry "GER"]
[EventRounds "9"]
[EventType "swiss"]
[EventDate "2010.05.22"]

1. d4 Nf6 2. c4 e6 3. Nc3 Bb4 4. Qc2 c5 5. dxc5 Bxc5 6. Nf3 Qb6 7. e3 Qc7 8.
Bd3 a6 9. O-O b6 10. h3 Bb7 11. Ne4 Be7 12. b3 d6 13. Bb2 Nbd7 14. Nfd2 Bc6 15.
Nxf6+ Bxf6 16. Ne4 Bxb2 17. Qxb2 Ne5 18. Bc2 f5 19. Ng3 Qb7 20. f3 O-O 21. e4
f4 22. Ne2 Qc7 23. Rad1 g5 24. Qd4 Rad8 25. b4 Kf7 26. Bb3 Bb7 27. Qc3 Rc8 28.
Rc1 a5 29. Rfd1 axb4 30. Qxb4 Ke7 31. Nd4 Qc5 32. Qxc5 dxc5 33. Nb5 Rfd8 34.
Kf1 Ba6 35. Ke2 Bxb5 36. cxb5 c4 37. Rxd8 Rxd8 38. Bc2 Rd4 39. Rd1 Rxd1 40.
Bxd1 Kd6 41. Kd2 Kc5 42. Kc3 Kxb5 43. Be2 Kc5 44. a4 Nd3 45. Bf1 Ne5 46. Be2 h5
47. Bd1 b5 48. axb5 Kxb5 49. Be2 Kc5 50. Bd1 Nd7 51. Ba4 Nb6 52. Be8 h4 53. Bf7
Na4+ 54. Kc2 e5 55. Be8 Kb4 56. Bd7 Nc5 57. Be8 Ne6 58. Bf7 Nd4+ 59. Kd2 c3+
60. Ke1 Ne2 61. Kd1 Ng3 62. Ke1 Nf1 0-1

[Event "DEM U18 2010"]
[Site "Oberhof GER"]
[Date "2010.05.23"]
[Round "1"]
[White "Günnigmann, Manuel"]
[Black "Marx, Joschka"]
[Result "1-0"]
[Termination "normal"]
[Board "11"]
[WhiteElo "2181"]
[BlackElo "2029"]
[PlyCount "63"]
[WhiteFideId "24640360"]
[BlackFideId "24645869"]
[EventCountry "GER"]
[EventRounds "9"]
[EventType "swiss"]
[EventDate "2010.05.22"]

1. e4 d6 2. d4 Nf6 3. Nc3 g6 4. Bc4 Bg7 5. Qe2 Nc6 6. Nf3 O-O 7. e5 Nd7 8. e6
Nb6 9. exf7+ Kh8 10. Bb3 Nxd4 11. Nxd4 Bxd4 12. Bg5 Bf6 13. h4 Bxg5 14. hxg5 e5
15. Ne4 d5 16. Nf6 Rxf7 17. Qxe5 Qe7 18. Qxe7 Rxe7+ 19. Kd2 Be6 20. Rae1 h5 21.
g4 Kg7 22. gxh5 Rh8 23. h6+ Kf7 24. Re2 c6 25. Rhe1 a5 26. a4 Rd8 27. Ng4 Nd7
28. c3 Rde8 29. Ne5+ Nxe5 30. Rxe5 Kg8 31. Bd1 Kf7 32. Bg4 1-0

[Event "DEM U18 2010"]
[Site "Oberhof GER"]
[Date "2010.05.23"]
[Round "1"]
[White "Bart, Simon"]
[Black "Hobusch, Alexander"]
[Result "0-1"]
[Termination "normal"]
[Board "12"]
[WhiteElo "1979"]
[BlackElo "2132"]
[PlyCount "72"]
[WhiteFideId "24637327"]
[BlackFideId "24611387"]
[EventCountry "GER"]
[EventRounds "9"]
[EventType "swiss"]
[EventDate "2010.05.22"]

1. e4 e6 2. d4 d5 3. Nc3 Nf6 4. e5 Nfd7 5. f4 c5 6. Nf3 Nc6 7. Be3 a6 8. Qd2 b5
9. a3 g5 10. fxg5 cxd4 11. Nxd4 Ncxe5 12. Be2 Bg7 13. O-O O-O 14. h4 Bb7 15.
Rae1 Rc8 16. Bd3 Nxd3 17. Qxd3 Nc5 18. Qe2 e5 19. Nf5 d4 20. Qg4 Qd7 21. Bf2
Rfd8 22. Nb1 Na4 23. b3 Nc3 24. Bxd4 Nxb1 25. Bb6 Rxc2 26. Rd1 Rxg2+ 27. Qxg2
Bxg2 28. Bxd8 Qb7 29. Be7 Bd5 30. Bc5 Nc3 31. Rd3 e4 32. Rg3 Ne2+ 33. Kg2 Nxg3
34. Kxg3 Qc7+ 35. Bd6 Be5+ 36. Bxe5 Qxe5+ 0-1

[Event "DEM U18 2010"]
[Site "Oberhof GER"]
[Date "2010.05.23"]
[Round "1"]
[White "Schneider, Jens"]
[Black "Kugler, Florian"]
[Result "0-1"]
[Termination "normal"]
[Board "14"]
[WhiteElo "1980"]
[BlackElo "2104"]
[PlyCount "40"]
[WhiteFideId "24685771"]
[BlackFideId "4633300"]
[EventCountry "GER"]
[EventRounds "9"]
[EventType "swiss"]
[EventDate "2010.05.22"]

1. Nc3 d5 2. e4 e6 3. Nf3 Nf6 4. e5 Nfd7 5. Ne2 c5 6. c3 Nc6 7. d4 Qb6 8. g3
Be7 9. Bg2 Qc7 10. O-O Nb6 11. Bf4 Bd7 12. Rc1 O-O-O 13. a4 c4 14. Nd2 Na5 15.
Ra1 Bc6 16. b4 cxb3 17. Nxb3 Bxa4 18. Nec1 Kb8 19. Rb1 Nxb3 20. Nxb3 Qxc3 0-1

[Event "DEM U18 2010"]
[Site "Oberhof GER"]
[Date "2010.05.23"]
[Round "2"]
[White "Hobusch, Alexander"]
[Black "Jorczik, Julian"]
[Result "1/2-1/2"]
[Termination "normal"]
[Board "1"]
[BlackTitle "FM"]
[WhiteElo "2132"]
[BlackElo "2357"]
[PlyCount "50"]
[WhiteFideId "24611387"]
[BlackFideId "24611719"]
[EventCountry "GER"]
[EventRounds "9"]
[EventType "swiss"]
[EventDate "2010.05.22"]

1. d4 Nf6 2. Nf3 g6 3. c4 Bg7 4. Nc3 O-O 5. e4 d6 6. Be2 e5 7. Be3 Ng4 8. Bg5
f6 9. Bc1 f5 10. exf5 exd4 11. Bg5 Qe8 12. Nd5 d3 13. Qxd3 Bxf5 14. Qd2 Qd7 15.
O-O Nc6 16. Rad1 Rae8 17. Bd3 Kh8 18. Bxf5 Rxf5 19. Rde1 Ref8 20. Bf4 Nce5 21.
Bxe5 dxe5 22. Re4 Nf6 23. Nxf6 Qxd2 24. Nxd2 R5xf6 25. Nf3 Ra6 1/2-1/2

[Event "DEM U18 2010"]
[Site "Oberhof GER"]
[Date "2010.05.23"]
[Round "2"]
[White "Meißner, Felix"]
[Black "Geske, Julian"]
[Result "1/2-1/2"]
[Termination "normal"]
[Board "2"]
[WhiteElo "2138"]
[BlackElo "2311"]
[PlyCount "58"]
[WhiteFideId "24671827"]
[BlackFideId "24605263"]
[EventCountry "GER"]
[EventRounds "9"]
[EventType "swiss"]
[EventDate "2010.05.22"]

1. e4 e5 2. Nf3 Nc6 3. d4 exd4 4. Nxd4 Bc5 5. Nf5 d5 6. Nxg7+ Kf8 7. Nh5 Qh4 8.
Ng3 Nf6 9. Be2 Nxe4 10. Nxe4 dxe4 11. O-O Rg8 12. Qd5 Bb6 13. Kh1 Nd4 14. Nc3
Bf5 15. Be3 Rd8 16. Qxb7 Bc8 17. Qxe4 Qxe4 18. Nxe4 Nxe2 19. Bh6+ Ke7 20. Rae1
Ba6 21. Bg5+ Rxg5 22. Nxg5 Rd2 23. f4 Rxc2 24. Rf3 Rxb2 25. Rh3 Bf2 26. Rd1 h6
27. Rxh6 Nxf4 28. Rxa6 Bb6 29. Ra4 Nxg2 1/2-1/2

[Event "DEM U18 2010"]
[Site "Oberhof GER"]
[Date "2010.05.23"]
[Round "2"]
[White "Kugler, Florian"]
[Black "Tkachuk, Konstantyn"]
[Result "1-0"]
[Termination "normal"]
[Board "3"]
[WhiteElo "2104"]
[BlackElo "2176"]
[PlyCount "69"]
[WhiteFideId "4633300"]
[BlackFideId "24647330"]
[EventCountry "GER"]
[EventRounds "9"]
[EventType "swiss"]
[EventDate "2010.05.22"]

1. e4 c5 2. Nf3 d6 3. d4 cxd4 4. Nxd4 Nf6 5. Nc3 g6 6. Be3 Bg7 7. f3 O-O 8. Qd2
Nc6 9. Bc4 Bd7 10. O-O-O Rc8 11. Bb3 Ne5 12. Kb1 Nc4 13. Bxc4 Rxc4 14. g4 a6
15. h4 h5 16. gxh5 Nxh5 17. Nce2 Qc7 18. Bh6 Rc8 19. Bxg7 Kxg7 20. c3 b5 21.
Rdg1 b4 22. cxb4 e5 23. Nf5+ Bxf5 24. exf5 Rc2 25. Qe3 d5 26. fxg6 f6 27. Nc3
d4 28. Qd3 Rf2 29. Ne4 Nf4 30. Qb3 Rg2 31. Rxg2 Nxg2 32. Rg1 f5 33. Nd6 Rf8 34.
Qe6 Rf6 35. Qxf6+ 1-0

[Event "DEM U18 2010"]
[Site "Oberhof GER"]
[Date "2010.05.23"]
[Round "2"]
[White "Kartsev, Alexandr"]
[Black "Günnigmann, Manuel"]
[Result "1/2-1/2"]
[Termination "normal"]
[Board "5"]
[WhiteElo "2082"]
[BlackElo "2181"]
[PlyCount "75"]
[WhiteFideId "24647110"]
[BlackFideId "24640360"]
[EventCountry "GER"]
[EventRounds "9"]
[EventType "swiss"]
[EventDate "2010.05.22"]

1. e4 c5 2. c3 g6 3. d4 cxd4 4. cxd4 d5 5. exd5 Nf6 6. Bb5+ Nbd7 7. Nc3 Bg7 8.
d6 exd6 9. Nf3 O-O 10. O-O Nb6 11. Bg5 h6 12. Bh4 Bf5 13. Re1 a6 14. Bd3 Bxd3
15. Qxd3 Qd7 16. a4 Rae8 17. Bxf6 Bxf6 18. a5 Nc8 19. Nd5 Bg7 20. Rec1 Ne7 21.
Nb6 Qd8 22. h3 Nc6 23. d5 Ne5 24. Nxe5 Bxe5 25. Qd2 Kh7 26. Rc2 Qg5 27. Nd7 Rg8
28. Qxg5 hxg5 29. Nxe5 Rxe5 30. Rc7 Rb8 31. Rd1 Kg7 32. Rd7 b6 33. Rxd6 bxa5
34. Rxa6 Rxb2 35. Rxa5 Ree2 36. d6 Rxf2 37. Rxg5 Rfd2 38. Rxd2 1/2-1/2

[Event "DEM U18 2010"]
[Site "Oberhof GER"]
[Date "2010.05.23"]
[Round "2"]
[White "Strunski, Andreas"]
[Black "Zhou, Syang"]
[Result "1/2-1/2"]
[Termination "normal"]
[Board "6"]
[WhiteTitle "FM"]
[WhiteElo "2378"]
[BlackElo "2206"]
[PlyCount "70"]
[WhiteFideId "24606073"]
[BlackFideId "24636126"]
[EventCountry "GER"]
[EventRounds "9"]
[EventType "swiss"]
[EventDate "2010.05.22"]

1. d4 Nf6 2. c4 g6 3. Nc3 Bg7 4. e4 d6 5. Nge2 Nbd7 6. f3 c5 7. d5 Ne5 8. Ng3
h5 9. Be2 h4 10. Nf1 e6 11. Bg5 Qa5 12. Nd2 exd5 13. cxd5 h3 14. g3 a6 15. a4
Qb4 16. Qc2 Qa5 17. Ra3 Nh7 18. Be3 O-O 19. O-O f5 20. f4 Nf7 21. Nc4 Qd8 22.
Bd3 Nh6 23. e5 Ng4 24. e6 Nxe3 25. Nxe3 Bd4 26. Rf3 Nf6 27. Kf1 b6 28. Bxf5
gxf5 29. Qxf5 Ra7 30. Ne4 Rg7 31. Ng5 Qe7 32. Ng4 Nxg4 33. Qxg4 Bf6 34. Qxh3
Bxg5 35. fxg5 Bb7 1/2-1/2

[Event "DEM U18 2010"]
[Site "Oberhof GER"]
[Date "2010.05.23"]
[Round "2"]
[White "Graf, Felix"]
[Black "Borgmeyer, Max"]
[Result "1/2-1/2"]
[Termination "normal"]
[Board "7"]
[WhiteElo "2300"]
[BlackElo "2053"]
[PlyCount "72"]
[WhiteFideId "24608904"]
[BlackFideId "24615870"]
[EventCountry "GER"]
[EventRounds "9"]
[EventType "swiss"]
[EventDate "2010.05.22"]

1. d4 Nf6 2. c4 e6 3. Nf3 Bb4+ 4. Bd2 Qe7 5. g3 Nc6 6. Nc3 Bxc3 7. Bxc3 Ne4 8.
Rc1 Nxc3 9. Rxc3 d6 10. Bg2 a5 11. d5 Nb8 12. dxe6 fxe6 13. c5 d5 14. e4 O-O
15. O-O dxe4 16. Ne5 Qg5 17. Qd4 Nc6 18. Nxc6 bxc6 19. Qxe4 Ba6 20. Re1 Rae8
21. Qe3 Qf5 22. Be4 Qf6 23. Bxc6 Rd8 24. Bf3 e5 25. h4 Rde8 26. Bd5+ Kh8 27.
Be4 Rd8 28. Rcc1 Rd4 29. Rcd1 Rxe4 30. Qxe4 Qxf2+ 31. Kh1 Qxg3 32. c6 Qh3+ 33.
Kg1 h5 34. Re3 Rf1+ 35. Rxf1 Qxf1+ 36. Kh2 Qf2+ 1/2-1/2

[Event "DEM U18 2010"]
[Site "Oberhof GER"]
[Date "2010.05.23"]
[Round "2"]
[White "Kachibadze, Georg"]
[Black "Schmitt, Philipp"]
[Result "1-0"]
[Termination "normal"]
[Board "8"]
[WhiteElo "2240"]
[BlackElo "2097"]
[PlyCount "109"]
[WhiteFideId "24640794"]
[BlackFideId "24641766"]
[EventCountry "GER"]
[EventRounds "9"]
[EventType "swiss"]
[EventDate "2010.05.22"]

1. e4 e6 2. d4 d5 3. Nc3 Nf6 4. Bg5 dxe4 5. Nxe4 Be7 6. Bxf6 gxf6 7. Nf3 a6 8.
Bc4 f5 9. Ng3 c5 10. c3 b5 11. Bb3 Bb7 12. Ne5 c4 13. Qh5 O-O 14. Bc2 Bc8 15.
O-O f6 16. Ng6 Rf7 17. Nxe7+ Rxe7 18. d5 exd5 19. Bxf5 Nc6 20. Rae1 Bd7 21.
Rxe7 Qxe7 22. Qg4+ Kf8 23. Bxd7 Ne5 24. Qe6 Nxd7 25. Qxd5 Re8 26. Rd1 Nc5 27.
Qd2 Qe5 28. Qh6+ Kg8 29. h4 Qe7 30. Nf5 Qf8 31. Qh5 Nd3 32. b3 Re4 33. bxc4
bxc4 34. Rb1 Qe8 35. Qxe8+ Rxe8 36. Ne3 Re6 37. Rb7 Nc1 38. Rb2 Nd3 39. Rb8+
Kf7 40. Rb7+ Kg8 41. h5 Nf4 42. h6 Ne2+ 43. Kf1 Nxc3 44. Rg7+ Kf8 45. Rxh7 Ne4
46. Nf5 Re5 47. g4 c3 48. Rc7 Kg8 49. Ne7+ Kh7 50. Nc6+ Kxh6 51. Nxe5 fxe5 52.
Ke2 Kg5 53. f3 Ng3+ 54. Kf2 Kf4 55. Rf7+ 1-0

[Event "DEM U18 2010"]
[Site "Oberhof GER"]
[Date "2010.05.23"]
[Round "2"]
[White "Müller, Philipp"]
[Black "Kyas, Marcel"]
[Result "1/2-1/2"]
[Termination "normal"]
[Board "9"]
[WhiteElo "1911"]
[BlackElo "2120"]
[PlyCount "37"]
[WhiteFideId "24683701"]
[BlackFideId "24642037"]
[EventCountry "GER"]
[EventRounds "9"]
[EventType "swiss"]
[EventDate "2010.05.22"]

1. e4 c5 2. Nc3 d6 3. f4 g6 4. Nf3 Bg7 5. Bc4 Nc6 6. O-O Nf6 7. d3 O-O 8. Qe2
Nd4 9. Nxd4 cxd4 10. Nd5 Nxd5 11. Bxd5 e6 12. Bb3 Kh8 13. Bd2 b5 14. a4 bxa4
15. Rxa4 Bd7 16. Ra5 Bc6 17. Rf3 f5 18. Bxe6 fxe4 19. dxe4 1/2-1/2

[Event "DEM U18 2010"]
[Site "Oberhof GER"]
[Date "2010.05.23"]
[Round "2"]
[White "Marx, Joschka"]
[Black "Hirneise, Jens"]
[Result "0-1"]
[Termination "normal"]
[Board "10"]
[BlackTitle "FM"]
[WhiteElo "2029"]
[BlackElo "2294"]
[PlyCount "64"]
[WhiteFideId "24645869"]
[BlackFideId "24614734"]
[EventCountry "GER"]
[EventRounds "9"]
[EventType "swiss"]
[EventDate "2010.05.22"]

1. c4 Nf6 2. Nf3 g6 3. g3 Bg7 4. Bg2 d6 5. O-O O-O 6. Nc3 a6 7. d3 e5 8. Rb1 c6
9. b4 Re8 10. Nd2 d5 11. e4 Be6 12. Qc2 Qc8 13. Na4 Nbd7 14. Nb3 dxc4 15. dxc4
b5 16. cxb5 axb5 17. Nc3 Bf8 18. a3 Nb6 19. Na5 Nc4 20. Nxc4 Bxc4 21. Rd1 Rd8
22. Bg5 Qe6 23. Rxd8 Rxd8 24. Rd1 Bb3 25. Qxb3 Qxb3 26. Rxd8 Kg7 27. Rd3 Ne8
28. Bh3 Qxa3 29. Bd7 Qa8 30. f4 Bxb4 31. fxe5 Bxc3 32. Rxc3 Qa7+ 0-1

[Event "DEM U18 2010"]
[Site "Oberhof GER"]
[Date "2010.05.23"]
[Round "2"]
[White "Nuber, Blasius"]
[Black "Schiffner, Kevin"]
[Result "1-0"]
[Termination "normal"]
[Board "11"]
[WhiteElo "2199"]
[BlackElo "1959"]
[PlyCount "47"]
[WhiteFideId "24620289"]
[BlackFideId "24674940"]
[EventCountry "GER"]
[EventRounds "9"]
[EventType "swiss"]
[EventDate "2010.05.22"]

1. e4 c5 2. c3 Qa5 3. Na3 Nc6 4. Nf3 g6 5. Nc4 Qc7 6. d4 cxd4 7. cxd4 d6 8. d5
Nb8 9. Qd4 Nf6 10. Bf4 b5 11. e5 bxc4 12. exf6 e5 13. dxe6 Bxe6 14. Ng5 Nc6 15.
Nxe6 Qa5+ 16. Qd2 Qxd2+ 17. Bxd2 fxe6 18. Bxc4 Kf7 19. Rc1 Ne5 20. Be2 Kxf6 21.
f4 Nf7 22. Rc7 Bh6 23. Bc3+ e5 24. O-O 1-0

[Event "DEM U18 2010"]
[Site "Oberhof GER"]
[Date "2010.05.23"]
[Round "2"]
[White "Krassowizkij, Jaroslaw"]
[Black "Bart, Simon"]
[Result "1-0"]
[Termination "normal"]
[Board "12"]
[WhiteElo "2244"]
[BlackElo "1979"]
[PlyCount "57"]
[WhiteFideId "1271703"]
[BlackFideId "24637327"]
[EventCountry "GER"]
[EventRounds "9"]
[EventType "swiss"]
[EventDate "2010.05.22"]

1. d4 d5 2. c4 c6 3. Nf3 Nf6 4. Nc3 e6 5. e3 Nbd7 6. Bd3 dxc4 7. Bxc4 b5 8. Bd3
a6 9. e4 Bb7 10. e5 Nd5 11. Nxd5 cxd5 12. h4 Be7 13. Ng5 Qa5+ 14. Bd2 Qb6 15.
Qg4 h5 16. Qf4 Bxg5 17. hxg5 g6 18. Bb4 a5 19. Bd6 Rc8 20. a4 b4 21. Bb5 Bc6
22. Rc1 Qb7 23. O-O Rh7 24. Rxc6 Rxc6 25. Bxc6 Qxc6 26. Rc1 Qa6 27. Rc7 Kd8 28.
Qc1 Nb6 29. Be7+ 1-0

[Event "DEM U18 2010"]
[Site "Oberhof GER"]
[Date "2010.05.23"]
[Round "2"]
[White "Jussupow, Alexander"]
[Black "Steinacker, Alex"]
[Result "1-0"]
[Termination "normal"]
[Board "13"]
[WhiteElo "2112"]
[BlackElo "1879"]
[PlyCount "155"]
[WhiteFideId "24613509"]
[BlackFideId "24647195"]
[EventCountry "GER"]
[EventRounds "9"]
[EventType "swiss"]
[EventDate "2010.05.22"]

1. d4 Nf6 2. Nf3 g6 3. Bf4 Bg7 4. h3 d6 5. e3 O-O 6. Be2 Nbd7 7. O-O Qe8 8. Bh2
e5 9. c4 Ne4 10. Nbd2 Nxd2 11. Qxd2 e4 12. Ne1 f5 13. Rc1 Qe7 14. b4 Nf6 15.
Nc2 g5 16. d5 Nd7 17. Nd4 Ne5 18. c5 Bh6 19. Qc2 f4 20. Qxe4 Bd7 21. cxd6 cxd6
22. Rc7 Qf6 23. Ne6 Rf7 24. exf4 gxf4 25. Rxb7 Re7 26. Bxf4 Bxf4 27. Qxf4 Rxe6
28. Qg3+ Kh8 29. dxe6 Bc6 30. Rf7 Nxf7 31. exf7 Bd5 32. Rd1 Qxf7 33. Qxd6 Bxa2
34. Bf3 Re8 35. Qd4+ Kg8 36. Qg4+ Kh8 37. Rd7 Qf6 38. Rxh7+ Kxh7 39. Qh5+ Qh6
40. Qxe8 Qc1+ 41. Kh2 Qf4+ 42. g3 Qxf3 43. Qe7+ Kg6 44. Qxa7 Bd5 45. Qa6+ Bc6
46. Qf1 Qb3 47. Qe2 Qd5 48. f3 Kf6 49. Qb2+ Kf7 50. Qf2 Kf6 51. Kg2 Kg6 52. g4
Kg5 53. Qe3+ Kf6 54. Kg3 Qb5 55. Qd4+ Kg6 56. h4 Qb7 57. h5+ Kh7 58. Qf4 Qe7
59. Qf5+ Kh8 60. Qc8+ Be8 61. Qc3+ Kh7 62. f4 Bd7 63. g5 Qe6 64. g6+ Kg8 65.
Qe5 Qh3+ 66. Kf2 Qh2+ 67. Ke3 Qg1+ 68. Kd2 Qf2+ 69. Kc3 Qf3+ 70. Kd4 Qd1+ 71.
Kc5 Qc2+ 72. Kd6 Qc6+ 73. Ke7 Bc8 74. b5 Qd7+ 75. Kf6 Qg7+ 76. Kg5 Qf8 77. Qf6
Qc5+ 78. Kh6 1-0